The deceiver : (Record no. 5575)
[ view plain ]
| 000 -LEADER | |
|---|---|
| fixed length control field | 00588cam a2200181 i 4500 |
| 001 - CONTROL NUMBER | |
| control field | 22315313 |
| 005 - DATE AND TIME OF LATEST TRANSACTION | |
| control field | 20250428152150.0 |
| 008 - FIXED-LENGTH DATA ELEMENTS--GENERAL INFORMATION | |
| fixed length control field | 211118s2021 nhu 000 0 eng |
| 020 ## - INTERNATIONAL STANDARD BOOK NUMBER | |
| International Standard Book Number | 9781644136041 |
| Qualifying information | (paperback) |
| 041 1# - LANGUAGE CODE | |
| Language code of text/sound track or separate title | eng |
| Language code of original | ita |
| 050 00 - LIBRARY OF CONGRESS CALL NUMBER | |
| Classification number | BT982 |
| Item number | .F3513 2021 |
| 100 1# - MAIN ENTRY--PERSONAL NAME | |
| Personal name | Fanzaga, Livio, |
| Dates associated with a name | 1940-, |
| Relator term | author. |
| 245 14 - TITLE STATEMENT | |
| Title | The deceiver : |
| Remainder of title | our daily struggle with Satan / |
| Statement of responsibility, etc. | Rev. Livio Fanzaga ; translated by W.F.E. Mahoney, M.A., S.T.L. |
| 300 ## - PHYSICAL DESCRIPTION | |
| Extent | ix, 272 pages ; |
| Dimensions | 22 cm |
| 650 #0 - SUBJECT ADDED ENTRY--TOPICAL TERM | |
| Topical term or geographic name entry element | Devil |
| General subdivision | Christianity. |
| 700 1# - ADDED ENTRY--PERSONAL NAME | |
| Personal name | Mahoney, W. F. E., |
| Relator term | translator. |
| 942 ## - ADDED ENTRY ELEMENTS (KOHA) | |
| Source of classification or shelving scheme | Library of Congress Classification |
| Koha item type | Books |
| Suppress in OPAC | No |
| 999 ## - | |
| -- | 5575 |
| -- | 5575 |
| Withdrawn status | Lost status | Source of classification or shelving scheme | Damaged status | Not for loan | Collection | Home library | Current library | Shelving location | Date acquired | Total checkouts | Full call number | Barcode | Date last seen | Copy number | Price effective from | Koha item type |
|---|---|---|---|---|---|---|---|---|---|---|---|---|---|---|---|---|
| Library of Congress Classification | Non-fiction | Undergraduate Library (Christ Temple) | Undergraduate Library (Christ Temple) | General stacks | 04/28/2025 | HC167.A5 FAI | ulct00002169 | 04/28/2025 | 1 | 04/28/2025 | Books | |||||
| Library of Congress Classification | Non-fiction | Undergraduate Library (Christ Temple) | Undergraduate Library (Christ Temple) | General stacks | 04/28/2025 | HC167.A5 FAI | ulct00002170 | 04/28/2025 | 2 | 04/28/2025 | Books |